THE POTATO FACTORY (Record no. 2473)
[ view plain ]
| 000 -LEADER | |
|---|---|
| fixed length control field | 00622nam a22001457a 4500 |
| 020 ## - INTERNATIONAL STANDARD BOOK NUMBER | |
| ISBN | 1-86330-531-9 |
| 082 ## - DEWEY DECIMAL CLASSIFICATION NUMBER | |
| Classification number | 823 |
| Item number | COU/P |
| 100 ## - MAIN ENTRY--AUTHOR NAME | |
| Personal name | COURTENAY, BRYCE |
| 245 ## - TITLE STATEMENT | |
| Title | THE POTATO FACTORY |
| 260 ## - PUBLICATION, DISTRIBUTION, ETC. (IMPRINT) | |
| Place of publication | AUSTRALIA |
| Name of publisher | MANDARIN |
| 300 ## - PHYSICAL DESCRIPTION | |
| Number of Pages | 666 |
| 520 ## - SUMMARY, ETC. | |
| Summary, etc | Ikey Solomon is in the business of thieving and he's very good at it. Ikey's partner in crime is his mistress, the forthright Mary Abacus, until misfortune befalls them. They are parted and each must make the harsh journey from thriving nineteenth century London to the convict settlement of Van Diemen's Land. |
| 650 ## - SUBJECT ADDED ENTRY--TOPICAL TERM | |
| Topical Term | NOVEL,ENGLISH |
| Geographic subdivision | AUSTRALIA |
| 942 ## - ADDED ENTRY ELEMENTS (KOHA) | |
| Koha item type | Books |
| Withdrawn status | Lost status | Collection code | Home library | Current library | Shelving location | Date acquired | Source of acquisition | Full call number | Accession Number | Koha item type |
|---|---|---|---|---|---|---|---|---|---|---|
| Fiction | Main Library | Main Library | SHELF-2-E ENGLIAH NOVEL TEACHERS | 06/07/2013 | PURCHASE | 823 COU/P | 07524 | Books |